00831nam a2200253 i 450000100060000000300090000600500170001500700030003200800410003501600170007602000180009304000200011108000270013110000170015824500790017526000750025430000270032950400200035660000320037665500400040871000350044871000610048385200330054413150ES-MaACL20240301062531.0t|921118s1990 sp ||||0| spa d7 zCEN920133587 a84-7483-683-2 aCEN bspa cCEN a76 Gil, Daniel (064.3)1 aGil, Daniel.10aDaniel Gil, diseñador gráfico b: [exposición], Biblioteca Nacional. a[Madrid] : bDirección General del Libro y Bibliotecas, cD.L. 1990. a72 p : bil ; c30 cm. aBibliografía.14aGil, Daniel-vExposiciones. 72tgfbneaCatálogos de exposiciones2 aBiblioteca Nacional (España)1 aEspaña. bDirección General del Libro y Bibliotecas. aES-MaACLjL-20460 bR.123433